Vainqueur coupe de France de HG - Statistiques

Statistiques générales
  • Ce quiz a été pris 2 fois
  • Le résultat moyen est 26 sur 40
Statistiques - réponses
Année Réponse % Correct
1979 Aigles de Nice
100%
1994 Brûleurs de loups de Grenoble
100%
2008 Brûleurs de loups de Grenoble
100%
2009 Brûleurs de loups de Grenoble
100%
2017 Brûleurs de loups de Grenoble
100%
2023 Brûleurs de loups de Grenoble
100%
2024 Brûleurs de loups de Grenoble
100%
2010 Diables rouges de Briançon
100%
2013 Diables rouges de Briançon
100%
2021 Edition annulée
100%
1987 Français volants de Paris
100%
2000 Léopards de Caen
100%
2018 Lions de Lyon
100%
1976 Aigles de Saint-Gervais
50%
1981 Aigles de Saint-Gervais
50%
1980 Bouquetins de Courchevel Méribel Pralognan
50%
1972 Chamois de Chamonix
50%
1973 Chamois de Chamonix
50%
1974 Chamois de Chamonix
50%
1982 Dragons de Poitiers
50%
2002 Dragons de Rouen
50%
2004 Dragons de Rouen
50%
2005 Dragons de Rouen
50%
2011 Dragons de Rouen
50%
2015 Dragons de Rouen
50%
2016 Dragons de Rouen
50%
2026 Dragons de Rouen
50%
2007 Ducs d'Angers
50%
2014 Ducs d'Angers
50%
2022 Ducs d'Angers
50%
2025 Ducs d'Angers
50%
2006 Ducs de Dijon
50%
2012 Ducs de Dijon
50%
2019 Gothiques d'Amiens
50%
2020 Gothiques d'Amiens
50%
1977 Ours de Villard-de-Lans
50%
2003 Ours de Villard-de-Lans
50%
1984 Renards d'Orléans
50%
1975 Mammouths de Tours
0%
1978 Mammouths de Tours
0%
Aucun quiz correspondant
Distribution des résultats
% des personnes avec chaque résultat
Percentile par nombre de réponses
Votre historique - résultats
Vous n’avez pas pris ce quiz